2005 Worldwide Box Office - Statistics

General Stats
  • This quiz has been taken 10 times
  • The average score is 7 of 10
Answer Stats
Rank Movie Title Worldwide Box Office (USD) Distributor/Studio Genre % Correct
1 Star Wars Ep. III: Revenge of the Sith $902,891,983 20th Century Fox Sci-Fi/Fantasy
100%
10 Batman Begins $356,770,593 Warner Bros. Superhero/Comics
86%
2 Harry Potter and the Goblet of Fire $885,923,981 Warner Bros. Fantasy
86%
4 War of the Worlds $606,836,535 Paramount Sci-Fi/Fantasy
86%
9 Hitch $366,784,257 Sony Romantic Comedy
57%
6 Madagascar $556,559,566 DreamWorks Family/Animation
57%
7 Mr. and Mrs. Smith $486,124,090 Warner Bros. Action
57%
3 The Chronicles of Narnia: The Lion, the Witch, and the Wardrobe $720,539,572 Disney Fantasy
57%
8 Charlie and the Chocolate Factory $475,825,484 Warner Bros. Family/Fantasy
43%
5 King Kong $556,906,378 Universal Sci-Fi/Monster
43%
No matching quizzes found
Score Distribution
Percent of People with Each Score
Percentile by Number Answered
Your Score History
You have not taken this quiz